00654nam a2200193 i 450000100060000000300080000600500170001400800390003103500200007004000320009004100080012208200260013010000360015624500910019226000370028330000260032050400500034665100640039625913BD-RjUL20211209050939.0140319t1979 ii b 001 0 eng a(BD-RjUL) 25983 aDLCcDLCdDLCdBD-RjULbeng aeng00a954.0317072bCHE 19791 aChaudhuri, Sashi Bhusan,d1904-10aEnglish historical writings on the Indian Mutiny, 1857-1859 /cSashi Bhusan Chaudhuri. aCalcutta :bWorld Press,cc1979. avii, 368 p. ;c22 cm. aIncludes bibliographical reference and index. 0aIndiaxHistoryySepoy Rebellion, 1857-1858xHistoriography.